[Event "zonal 3.5 (w)"]
[Site "Zhongshan CHN"]
[Date "2013.10.29"]
[Round "1.2"]
[White "Yuan Ye"]
[Black "Shen Yang"]
[Result "0-1"]
[WhiteElo "2037"]
[BlackElo "2415"]
[EventDate "2013.10.29"]
[PlyCount "116"]

1.d4 d5 2.c4 dxc4 3.e3 Be6 4.Nf3 Nf6 5.Na3 Bd5 6.Nxc4 e6 7.Be2 c5 8.O-O 
Nc6 9.Nce5 a6 10.Nxc6 Bxc6 11.Ne5 Bd5 12.b3 Be7 13.dxc5 Bxc5 14.Bb2 O-O 
15.Rc1 Rc8 16.Bd3 Qe7 17.Qe2 Ba3 18.Rxc8 Rxc8 19.Bd4 b5 20.f4 Ne4 21.Ng4 
f6 22.Nf2 Qb7 23.Bb1 Nxf2 24.Qxf2 Be4 25.Bxe4 Qxe4 26.Qf3 Qxf3 27.Rxf3 Kf7
28.Rf2 h5 29.Bb2 Bc5 30.Re2 Kg6 31.Kf1 Rd8 32.Bc1 Bb4 33.Rc2 Kf5 34.Ke2 e5
35.Rc7 exf4 36.exf4 Re8+ 37.Kf2 g6 38.a3 Bf8 39.b4 Re4 40.g3 Kg4 41.Rc6 
Be7 42.Bb2 Rc4 43.Rxc4 bxc4 44.Kg2 h4 45.Bd4 hxg3 46.hxg3 g5 47.fxg5 fxg5 
48.Bc3 Bd6 49.Be1 Be5 50.a4 c3 51.b5 c2 52.Bd2 axb5 53.axb5 Bxg3 54.b6 Be5
55.b7 Kf5 56.Kf2 g4 57.Ke2 Ke4 58.Bc3 c1=Q 0-1

[Event "zonal 3.5 (w)"]
[Site "Zhongshan CHN"]
[Date "2013.10.29"]
[Round "1.3"]
[White "Wang Jue"]
[Black "Xu Fei"]
[Result "1-0"]
[WhiteElo "2382"]
[BlackElo "1995"]
[EventDate "2013.10.29"]
[PlyCount "61"]

1.e4 c5 2.Nf3 Nc6 3.d4 cxd4 4.Nxd4 g6 5.c4 Nf6 6.Nc3 d6 7.Be2 Nxd4 8.Qxd4 
Bg7 9.Be3 O-O 10.Qd2 a5 11.Rd1 Be6 12.O-O a4 13.f4 Qa5 14.Bd4 Rfc8 15.b3 
axb3 16.axb3 Rd8 17.Qd3 Qb4 18.f5 Bd7 19.Bxf6 Bxf6 20.Nd5 Qc5+ 21.Kh1 gxf5
22.b4 Qa7 23.Nxf6+ exf6 24.Qg3+ Kh8 25.Qh4 Rg8 26.Qxf6+ Rg7 27.Rxd6 Bc6 
28.Rd8+ Rxd8 29.Qxd8+ Rg8 30.Qf6+ Rg7 31.Rd1 1-0

[Event "zonal 3.5 (w)"]
[Site "Zhongshan CHN"]
[Date "2013.10.29"]
[Round "1.4"]
[White "Gu Tianlu"]
[Black "Zhang Xiaowen"]
[Result "1-0"]
[WhiteElo "1984"]
[BlackElo "2377"]
[EventDate "2013.10.29"]
[PlyCount "83"]

1.e4 e6 2.d4 d5 3.Nd2 c5 4.Ngf3 Nc6 5.exd5 exd5 6.Bb5 cxd4 7.O-O Bd6 8.Nb3
Ne7 9.Nbxd4 O-O 10.c3 Bg4 11.Be2 Re8 12.Bg5 h6 13.Bh4 Qb6 14.Qd2 Bc5 15.
Rae1 Nxd4 16.Nxd4 Bxe2 17.Rxe2 Ng6 18.Bg3 Bxd4 19.Rxe8+ Rxe8 20.cxd4 Re4 
21.Rd1 Qb5 22.Qc2 Qe2 23.Qc1 Re6 24.h4 Rc6 25.Qd2 Rc2 26.Qxe2 Rxe2 27.Rc1 
Rxb2 28.Rc8+ Kh7 29.h5 Ne7 30.Rc7 Nc6 31.Rxf7 Rxa2 32.Rxb7 Re2 33.Rb5 a5 
34.Rc5 Re6 35.Rxd5 a4 36.Bd6 Re1+ 37.Kh2 Ra1 38.Rc5 Nxd4 39.Be5 Ne6 40.Rc6
Re1 41.Rxe6 a3 42.f4 1-0

[Event "zonal 3.5 (w)"]
[Site "Zhongshan CHN"]
[Date "2013.10.29"]
[Round "1.5"]
[White "Lei Tingjie"]
[Black "Huang Mofei"]
[Result "1-0"]
[WhiteElo "2320"]
[BlackElo "1984"]
[EventDate "2013.10.29"]
[PlyCount "79"]

1.d4 f5 2.Nc3 Nf6 3.Bg5 g6 4.h4 Bg7 5.h5 Rg8 6.e3 d5 7.hxg6 hxg6 8.Nh3 Be6
9.Nf4 Bf7 10.Be2 c6 11.f3 Qd6 12.Qd2 Nbd7 13.O-O-O Nf8 14.Bh4 N6d7 15.Bg3 
e5 16.Nd3 Qe7 17.dxe5 Nxe5 18.Nxe5 Bxe5 19.Bxe5 Qxe5 20.e4 O-O-O 21.exd5 
Bxd5 22.Bc4 Ne6 23.Nxd5 cxd5 24.Bxd5 Nf4 25.c4 Nxd5 26.cxd5 Rg7 27.Rhe1 
Qg3 28.d6 Rgd7 29.Re6 Kb8 30.Kb1 f4 31.Qe2 Qg5 32.Ka1 Qf5 33.Re8 a6 34.a3 
Rxe8 35.Qxe8+ Ka7 36.Qe4 Qg5 37.Qe6 Rd8 38.d7 Qxg2 39.Qe7 Qxf3 40.Rb1 1-0

[Event "zonal 3.5 (w)"]
[Site "Zhongshan CHN"]
[Date "2013.10.29"]
[Round "1.6"]
[White "Yao Lan"]
[Black "Zhai Mo"]
[Result "0-1"]
[WhiteElo "1966"]
[BlackElo "2301"]
[EventDate "2013.10.29"]
[PlyCount "84"]

1.e4 c5 2.Nf3 d6 3.d4 cxd4 4.Nxd4 Nf6 5.Nc3 a6 6.Be2 e6 7.O-O Qc7 8.f4 Be7
9.Kh1 O-O 10.Qe1 b5 11.Bf3 Bb7 12.e5 dxe5 13.fxe5 Nfd7 14.Qg3 Bxf3 15.Qxf3
Nb6 16.Bf4 Bc5 17.Nb3 N8d7 18.Nxc5 Nxc5 19.Ne4 Nxe4 20.Qxe4 Qc4 21.Qxc4 
Nxc4 22.b3 Na3 23.c3 Rac8 24.Rf3 Rfd8 25.Kg1 Rd7 26.Kf2 h6 27.Ke2 g5 28.
Bg3 Rcd8 29.h4 Rd2+ 30.Kf1 Nc2 31.Rc1 g4 32.Rf2 Ne3+ 33.Ke1 Nxg2+ 34.Kf1 
Ne3+ 35.Ke1 R2d3 36.Bf4 Nf5 37.Rg2 h5 38.Bg5 R8d5 39.Bf6 Rh3 40.Kf2 Ne3 
41.Rgg1 Rd2+ 42.Ke1 Rhh2 0-1

[Event "zonal 3.5 (w)"]
[Site "Zhongshan CHN"]
[Date "2013.10.29"]
[Round "1.7"]
[White "Wang Doudou"]
[Black "Hong Xing"]
[Result "1-0"]
[WhiteElo "2226"]
[BlackElo "1929"]
[EventDate "2013.10.29"]
[PlyCount "109"]

1.d4 Nf6 2.Nf3 c5 3.e3 e6 4.c4 d5 5.cxd5 exd5 6.Nc3 Be7 7.Be2 O-O 8.O-O b6
9.b3 Bb7 10.Bb2 Nc6 11.Rc1 Rc8 12.dxc5 bxc5 13.Na4 Ne4 14.Nd2 Nb8 15.Nxe4 
dxe4 16.Qxd8 Rfxd8 17.Rfd1 Nd7 18.Bg4 Rc7 19.Bc3 Nb6 20.Be5 Rc6 21.Nxb6 
axb6 22.Rxd8+ Bxd8 23.Bd7 Rh6 24.Rd1 Be7 25.g4 Kf8 26.Bf4 g5 27.Bc7 Rf6 
28.Be5 Rh6 29.a4 Ba6 30.Bf5 Bd3 31.Rd2 c4 32.bxc4 Rc6 33.Bd7 Rxc4 34.Bb5 
Rc1+ 35.Kg2 Bxb5 36.axb5 Rc5 37.Bd4 Rxb5 38.Ra2 Ra5 39.Rc2 Bc5 40.Bf6 h6 
41.Rc4 Ra7 42.Rxe4 b5 43.Re5 Rc7 44.Rd5 Kg8 45.Rd8+ Bf8 46.Rb8 b4 47.Kf3 
Ra7 48.Ke4 Ra6 49.Bd4 Rc6 50.Kd5 Rd6+ 51.Kc4 Rc6+ 52.Kd5 Rd6+ 53.Ke5 f6+ 
54.Kf5 Kf7 55.Rxf8+ 1-0

[Event "zonal 3.5 (w)"]
[Site "Zhongshan CHN"]
[Date "2013.10.29"]
[Round "1.8"]
[White "Jiang Zhaoyi"]
[Black "Su Yamin"]
[Result "0-1"]
[WhiteElo "1891"]
[BlackElo "2209"]
[EventDate "2013.10.29"]
[PlyCount "92"]

1.d4 Nf6 2.c4 e6 3.Nc3 c5 4.d5 exd5 5.cxd5 d6 6.e4 g6 7.f4 Bg7 8.Bb5+ Nfd7
9.a4 O-O 10.Nf3 Na6 11.O-O Nc7 12.Bd3 a6 13.Qe1 Re8 14.e5 dxe5 15.d6 Ne6 
16.f5 Nf4 17.fxg6 hxg6 18.Bxf4 exf4 19.Qd2 Ne5 20.Ne4 Bf5 21.Bc2 Nxf3+ 22.
gxf3 Bd4+ 23.Kh1 Bxe4 24.fxe4 Qxd6 25.Rxf4 Qb6 26.Raf1 Re7 27.b3 c4 28.
R4f3 c3 29.Qh6 Bg7 30.Qh4 Rae8 31.Rh3 Qc6 32.Qh7+ Kf8 33.Rg3 Re6 34.Rgf3 
Rf6 35.Qh3 Rxf3 36.Qxf3 Qe6 37.Qf2 Rd8 38.Re1 Be5 39.Re2 Kg7 40.Qe3 Qf6 
41.Qf2 Qg5 42.Qg2 Qh6 43.Re1 Rd2 44.Re2 Qf4 45.Kg1 Bd4+ 46.Kh1 Bf2 0-1

[Event "zonal 3.5 (w)"]
[Site "Zhongshan CHN"]
[Date "2013.10.29"]
[Round "1.10"]
[White "Zhu Jiner"]
[Black "Ren Xiaoyi"]
[Result "0-1"]
[WhiteElo "1829"]
[BlackElo "2198"]
[EventDate "2013.10.29"]
[PlyCount "110"]

1.e4 g6 2.d4 Bg7 3.c4 d6 4.Nc3 Nf6 5.f3 O-O 6.Be3 Nbd7 7.Qd2 c5 8.Nge2 a6 
9.dxc5 dxc5 10.O-O-O Qa5 11.Kb1 b5 12.Nd5 Qd8 13.Bxc5 Nxd5 14.Qxd5 Rb8 15.
Ba7 Rb7 16.Bd4 Nb6 17.Bxb6 Qxb6 18.c5 Qf6 19.Nc3 b4 20.Na4 b3 21.a3 h5 22.
Be2 Rb8 23.Qc4 Bb7 24.Rd2 Rfc8 25.Rhd1 Bc6 26.Nc3 Bb5 27.Nxb5 Rxb5 28.Qa4 
Rbxc5 29.Qxb3 R5c6 30.Rd8+ Rxd8 31.Rxd8+ Kh7 32.Rb8 Qf4 33.Ka2 Rc1 34.Bxa6
Qxh2 35.Rc8 Re1 36.Qxf7 Qxg2 37.e5 Qg1 38.Bd3 Ra1+ 39.Kb3 Qb6+ 40.Kc2 Rg1 
41.Qc4 Rg2+ 42.Be2 Qe3 43.Kd1 Rg1+ 44.Bf1 Qxf3+ 45.Ke1 Qg3+ 46.Ke2 Qxe5+ 
47.Kf2 Qh2+ 48.Ke1 Qg3+ 49.Ke2 Qe5+ 50.Kf2 Rg4 51.Qd3 Rf4+ 52.Kg1 Qxb2 53.
Rc2 Qb6+ 54.Kh1 Be5 55.Re2 Rxf1+ 0-1

[Event "zonal 3.5 (w)"]
[Site "Zhongshan CHN"]
[Date "2013.10.29"]
[Round "1.12"]
[White "Li Yunshan"]
[Black "Li Xueyi"]
[Result "0-1"]
[WhiteElo "1767"]
[BlackElo "2134"]
[EventDate "2013.10.29"]
[PlyCount "142"]

1.d4 Nf6 2.c4 e6 3.g3 d5 4.Nf3 dxc4 5.Bg2 Nc6 6.Qa4 Bb4+ 7.Bd2 Nd5 8.Bxb4 
Nxb4 9.O-O Bd7 10.a3 Nd5 11.Qxc4 O-O 12.Nc3 Nb6 13.Qd3 Qe7 14.b4 Rad8 15.
e3 Bc8 16.Qe2 e5 17.dxe5 Nxe5 18.Nxe5 Qxe5 19.Rac1 c6 20.Ne4 Qe7 21.Rfd1 
Be6 22.Nc5 Bd5 23.e4 f5 24.Qc2 fxe4 25.Bxe4 Bxe4 26.Qxe4 Rde8 27.Qxe7 Rxe7
28.Re1 Ref7 29.Ne6 Re8 30.Nc5 Rb8 31.Kg2 Nd7 32.Re6 Nxc5 33.Rxc5 Rd7 34.
Rce5 Kf7 35.Re3 Rc8 36.R6e5 b6 37.Rf3+ Kg8 38.Rc3 Kf8 39.Kf1 Rd6 40.Rf3+ 
Rf6 41.Rc3 Re8 42.Rce3 Rxe5 43.Rxe5 Rf3 44.a4 Rb3 45.Re4 Ra3 46.b5 Rc3 47.
bxc6 Rxc6 48.Kg2 Kf7 49.Re5 a6 50.Re4 h6 51.Kf3 Rc3+ 52.Kg2 Rb3 53.Rc4 a5 
54.Rc6 h5 55.h4 Rb4 56.Kf3 Ke7 57.Rc7+ Kd6 58.Rxg7 Rxa4 59.Rg5 Rb4 60.Rxh5
a4 61.Rh8 Rb5 62.Rd8+ Ke7 63.Rd2 Rb3+ 64.Ke4 a3 65.Ra2 b5 66.Kd4 b4 67.Kc4
Rb2 68.Ra1 a2 69.Re1+ Kf7 70.Ra1 b3 71.Kc3 Rb1 0-1

[Event "zonal 3.5 (w)"]
[Site "Zhongshan CHN"]
[Date "2013.10.29"]
[Round "1.14"]
[White "Bai Xue"]
[Black "Wang Xinyue"]
[Result "0-1"]
[WhiteElo "1581"]
[BlackElo "2126"]
[EventDate "2013.10.29"]
[PlyCount "76"]

1.e4 e5 2.Nf3 Nc6 3.Bb5 Nge7 4.O-O g6 5.c3 a6 6.Bc4 Bg7 7.b4 b5 8.Bb3 d6 
9.a4 Bb7 10.Re1 O-O 11.axb5 axb5 12.Rxa8 Qxa8 13.Na3 Na7 14.d3 h6 15.Be3 
Bc6 16.Qa1 Kh7 17.Nc2 Qb7 18.Qa3 Nac8 19.Nd2 f5 20.f3 d5 21.exd5 Nxd5 22.
Bc5 Nd6 23.c4 Ra8 24.Qc1 Nf4 25.Re3 e4 26.dxe4 fxe4 27.Bxd6 Nd3 28.Qf1 
cxd6 29.Nxe4 Bxe4 30.fxe4 bxc4 31.Bxc4 Nxb4 32.Qb1 Ra4 33.Qb3 Qa7 34.Nxb4 
Rxb4 35.Qxb4 Qxe3+ 36.Kf1 Qf4+ 37.Ke1 Qxe4+ 38.Kd1 d5 0-1

[Event "zonal 3.5 (w)"]
[Site "Zhongshan CHN"]
[Date "2013.10.30"]
[Round "2.1"]
[White "Xiao Yiyi"]
[Black "Tan Zhongyi"]
[Result "0-1"]
[WhiteElo "2187"]
[BlackElo "2490"]
[EventDate "2013.10.29"]
[PlyCount "88"]

1.d4 d5 2.c4 e6 3.Nf3 Nf6 4.g3 dxc4 5.Bg2 a6 6.O-O Nc6 7.e3 Bd7 8.Qe2 b5 
9.Nc3 Rb8 10.e4 Be7 11.d5 Nb4 12.Ne5 Nd3 13.Nxd3 cxd3 14.Qxd3 b4 15.dxe6 
fxe6 16.Ne2 Bb5 17.Qf3 O-O 18.e5 Nd7 19.Qg4 Rf5 20.Bf4 h5 21.Qf3 Nxe5 22.
Qe3 Bc5 23.Qb3 Bc4 24.Qc2 Bd3 25.Qb3 Bc4 26.Qc2 b3 27.axb3 Qd3 28.Rac1 
Qxe2 29.bxc4 Rxb2 30.Qxe2 Rxe2 31.Ra1 Ng4 32.Bf3 Rxf2 33.Rxf2 Nxf2 34.Kg2 
e5 35.Bd5+ Kf8 36.Bc1 Nd3 37.Ba3 Ke7 38.Be4 Rf2+ 39.Kh3 Bxa3 40.Bxd3 Bb4 
41.Rxa6 g5 42.Be4 Bd2 43.g4 hxg4+ 44.Kg3 Be1 0-1

[Event "zonal 3.5 (w)"]
[Site "Zhongshan CHN"]
[Date "2013.10.30"]
[Round "2.6"]
[White "Qiu Mengjie"]
[Black "Wang Doudou"]
[Result "0-1"]
[WhiteElo "2123"]
[BlackElo "2226"]
[EventDate "2013.10.29"]
[PlyCount "104"]

1.e4 e5 2.Nf3 Nc6 3.Bb5 Nge7 4.c3 a6 5.Ba4 g6 6.d4 exd4 7.cxd4 b5 8.Bb3 
Bg7 9.O-O d6 10.h3 O-O 11.Nc3 Na5 12.Bc2 c5 13.Bf4 cxd4 14.Nxd4 Bb7 15.b3 
d5 16.e5 Qc7 17.Qe1 Rac8 18.Nce2 Nac6 19.Nxc6 Nxc6 20.e6 Qe7 21.exf7+ Rxf7
22.Rc1 Nd4 23.Nxd4 Qxe1 24.Rcxe1 Rxf4 25.Ne6 Rf7 26.Nxg7 Kxg7 27.Re2 Rc3 
28.Rfe1 Rfc7 29.Re7+ Rxe7 30.Rxe7+ Kf6 31.Re2 d4 32.Rd2 Ke5 33.f3 Bc8 34.
Be4 Bf5 35.Bb7 a5 36.f4+ Kxf4 37.Rxd4+ Kg3 38.Kf1 Rd3 39.Rxd3+ Bxd3+ 40.
Ke1 b4 41.Bd5 h5 42.Bf3 h4 43.Bc6 Bb1 44.Kd2 Kf4 45.Bf3 Bf5 46.Bc6 Be4 47.
Bxe4 Kxe4 48.Ke2 Kd4 49.g3 hxg3 50.Kf3 Kc3 51.Kxg3 Kb2 52.Kg4 Kxa2 0-1

[Event "zonal 3.5 (w)"]
[Site "Zhongshan CHN"]
[Date "2013.10.30"]
[Round "2.8"]
[White "Liu Hongyan"]
[Black "Ni Shiqun"]
[Result "0-1"]
[WhiteElo "2058"]
[BlackElo "2207"]
[EventDate "2013.10.29"]
[PlyCount "74"]

1.d4 Nf6 2.c4 g6 3.g3 c6 4.Bg2 d5 5.Nf3 Bg7 6.O-O O-O 7.b3 Bf5 8.Bb2 a5 9.
Nc3 Ne4 10.Nh4 Nxc3 11.Bxc3 Be6 12.cxd5 cxd5 13.Nf3 Nc6 14.Rc1 Qd6 15.Bb2 
Rfc8 16.a3 h6 17.e3 Rc7 18.Ne1 b6 19.Nd3 Bc8 20.Re1 Bb7 21.h4 e6 22.Nf4 
Rac8 23.h5 g5 24.Ne2 Ba6 25.Nc3 Ne7 26.Qd2 Qd8 27.b4 axb4 28.axb4 Bc4 29.
Na4 Ra7 30.Ra1 Nc6 31.Bc3 Rca8 32.Nb2 Rxa1 33.Nxc4 Rxe1+ 34.Qxe1 Qc7 35.
Nb2 Ra3 36.e4 Nxd4 37.Bd2 Nc2 0-1

[Event "zonal 3.5 (w)"]
[Site "Zhongshan CHN"]
[Date "2013.10.30"]
[Round "2.9"]
[White "Ren Xiaoyi"]
[Black "Gu Tianlu"]
[Result "0-1"]
[WhiteElo "2198"]
[BlackElo "1984"]
[EventDate "2013.10.29"]
[PlyCount "100"]

1.d4 d5 2.c4 e5 3.dxe5 d4 4.Nf3 Nc6 5.a3 Nge7 6.e3 Bg4 7.Be2 Bxf3 8.Bxf3 
dxe3 9.Bxe3 Qxd1+ 10.Bxd1 Nxe5 11.Be2 O-O-O 12.O-O Nf5 13.Bf4 Ng6 14.Bg4 
Nxf4 15.Bxf5+ Kb8 16.Nc3 g6 17.Be4 Bg7 18.Nd5 Ne2+ 19.Kh1 c6 20.Bd3 Nd4 
21.Nc3 Nb3 22.Rad1 Nc5 23.Be2 Bxc3 24.bxc3 Rhe8 25.Bf3 Rxd1 26.Rxd1 Na4 
27.h4 Kc7 28.Rd3 Re1+ 29.Kh2 Nc5 30.Re3 Rxe3 31.fxe3 Kd6 32.Kg3 Ke5 33.h5 
Na4 34.Kg4 h6 35.hxg6 fxg6 36.Bd1 Nxc3 37.Bc2 Ne4 38.a4 a5 39.Bb1 Nf6+ 40.
Kf3 g5 41.g4 Kd6 42.Bf5 Kc5 43.Be6 b6 44.Bf7 Kd6 45.Kg3 Nd7 46.Bg8 Nc5 47.
Kf3 Ke5 48.Bf7 Nxa4 49.Be8 Nb2 50.Bxc6 Nxc4 0-1

[Event "zonal 3.5 (w)"]
[Site "Zhongshan CHN"]
[Date "2013.10.30"]
[Round "2.10"]
[White "Zhang Xiaowen"]
[Black "Zhu Jiner"]
[Result "1-0"]
[WhiteElo "2377"]
[BlackElo "1829"]
[EventDate "2013.10.29"]
[PlyCount "92"]

1.e4 c5 2.Nf3 d6 3.c3 Nf6 4.h3 Nc6 5.Bd3 g6 6.O-O Bg7 7.Bc2 O-O 8.Re1 b6 
9.d3 Bb7 10.Nbd2 Qc7 11.Nf1 b5 12.a3 a5 13.d4 Nd7 14.Be3 e6 15.Rc1 Ne7 16.
Bd3 c4 17.Bb1 e5 18.Qd2 Rfd8 19.Bh6 Bh8 20.Qg5 Nf8 21.d5 f6 22.Qh4 Qd7 23.
Ne3 Qe8 24.a4 Ba6 25.Ng4 Qf7 26.Be3 Bg7 27.Bb6 Rd7 28.Bxa5 bxa4 29.Bb4 h5 
30.Ne3 g5 31.Qg3 Nfg6 32.Nd2 Bh6 33.Qf3 Rc8 34.Qxh5 Kg7 35.Qg4 Rdd8 36.Ba5
Rf8 37.Qd7 Qe8 38.Qxd6 Qb5 39.Bb4 Rcd8 40.Qc5 Qxc5 41.Bxc5 Rc8 42.Bb4 Rfd8
43.Bc2 Bb5 44.Ra1 Nc6 45.Bxa4 Nxb4 46.Bxb5 Nd3 1-0

[Event "zonal 3.5 (w)"]
[Site "Zhongshan CHN"]
[Date "2013.10.30"]
[Round "2.11"]
[White "Qin Ranran"]
[Black "Zhao Shengxin"]
[Result "1-0"]
[WhiteElo "2045"]
[BlackElo "1805"]
[EventDate "2013.10.29"]
[PlyCount "41"]

1.e4 c5 2.c3 d5 3.exd5 Qxd5 4.d4 Nf6 5.Nf3 cxd4 6.cxd4 Bg4 7.Be2 e6 8.O-O 
Be7 9.Nc3 Qd8 10.Qb3 b6 11.Bb5+ Nbd7 12.Ne5 h5 13.Bg5 O-O 14.Bxd7 Nxd7 15.
Nc6 Qc7 16.Nxe7+ Kh7 17.h3 Bf5 18.Nxf5 exf5 19.Qd5 Kg6 20.Nb5 Qb8 21.Qxd7 
1-0

[Event "zonal 3.5 (w)"]
[Site "Zhongshan CHN"]
[Date "2013.10.30"]
[Round "2.12"]
[White "Li Xinyu"]
[Black "Yuan Ye"]
[Result "0-1"]
[WhiteElo "1699"]
[BlackElo "2037"]
[EventDate "2013.10.29"]
[PlyCount "150"]

1.d4 Nf6 2.c4 e6 3.Nc3 Bb4 4.e3 b6 5.Ne2 Ba6 6.a3 Bxc3+ 7.Nxc3 d5 8.Qa4+ 
c6 9.Qb3 O-O 10.Be2 c5 11.cxd5 exd5 12.Bf3 Bc4 13.Qd1 cxd4 14.Qxd4 Nc6 15.
Qd1 Na5 16.Be2 Nb3 17.Rb1 a6 18.a4 Qb8 19.Bd3 b5 20.axb5 axb5 21.Bc2 Nxc1 
22.Rxc1 b4 23.Ne2 b3 24.Bb1 Qe5 25.Nd4 Rfe8 26.Bd3 Ne4 27.O-O Ra2 28.Bxc4 
dxc4 29.Rxc4 Rxb2 30.Qc1 Ra2 31.Nxb3 h5 32.Rc2 Ra6 33.Nc5 Rg6 34.Nxe4 Qxe4
35.g3 h4 36.Rc4 Qe7 37.Rc7 Qf6 38.Qc4 h3 39.Qf4 Qe6 40.Rd1 Rf6 41.Qd4 Ra8 
42.Rc2 Qf5 43.Rcd2 Rb8 44.Qd5 Qg4 45.Qd4 Qe6 46.Qd5 Qg4 47.Rd4 Qe2 48.R4d2
Qg4 49.Qe5 Rfb6 50.Qd4 Qf3 51.Qd5 Qg4 52.f3 Qg6 53.e4 Rb3 54.Rd3 Qb6+ 55.
Qd4 Qxd4+ 56.Rxd4 Rxf3 57.Rd8+ Rxd8 58.Rxd8+ Kh7 59.Re8 g5 60.e5 Kg6 61.
Rg8+ Kf5 62.Rg7 Kg4 63.Rh7 Rf5 64.Rg7 Kf3 65.Kf1 g4 66.Rh7 Ke3+ 67.Ke1 Rf2
68.Kd1 Rxh2 69.Rxf7 Rd2+ 70.Kc1 h2 71.Rf1 Rg2 72.e6 Rg1 73.e7 Rxf1+ 74.Kc2
h1=Q 75.e8=Q+ Qe4+ 0-1

[Event "zonal 3.5 (w)"]
[Site "Zhongshan CHN"]
[Date "2013.10.30"]
[Round "2.14"]
[White "Huang Mofei"]
[Black "Bai Xue"]
[Result "1-0"]
[WhiteElo "1984"]
[BlackElo "1581"]
[EventDate "2013.10.29"]
[PlyCount "73"]

1.d4 Nf6 2.c4 e6 3.Nf3 d5 4.e3 Bb4+ 5.Bd2 Bxd2+ 6.Nbxd2 Nc6 7.Be2 O-O 8.
O-O Ne7 9.c5 b6 10.b4 a6 11.Ne5 Bb7 12.Qc2 c6 13.Bd3 h6 14.Nb3 b5 15.a4 
Qc7 16.Ra3 Nd7 17.Nxd7 Qxd7 18.Na5 f5 19.f4 Ng6 20.Qe2 Nh8 21.Rfa1 Nf7 22.
Nxb7 Qxb7 23.Qa2 Rab8 24.axb5 axb5 25.Ra7 Qc8 26.Qa6 Qxa6 27.R1xa6 Rbc8 
28.Be2 g6 29.g4 Kg7 30.Re7 Kf6 31.Rd7 Rfd8 32.Rb7 Re8 33.gxf5 gxf5 34.Bh5 
Re7 35.Rxe7 Kxe7 36.Ra7+ Kd8 37.Bxf7 1-0

[Event "zonal 3.5 (w)"]
[Site "Zhongshan CHN"]
[Date "2013.10.31"]
[Round "3.2"]
[White "Ni Shiqun"]
[Black "Shen Yang"]
[Result "1/2-1/2"]
[WhiteElo "2207"]
[BlackElo "2415"]
[EventDate "2013.10.29"]
[PlyCount "44"]

1.e4 e5 2.Nf3 Nc6 3.Bc4 Bc5 4.c3 Nf6 5.d3 a6 6.Bb3 Ba7 7.O-O d6 8.Nbd2 O-O
9.Re1 Ng4 10.Re2 Kh8 11.h3 Nh6 12.Nf1 f5 13.Bg5 Qe8 14.Bxh6 gxh6 15.exf5 
Bxf5 16.Qd2 Rf6 17.Bd5 Qd7 18.d4 exd4 19.cxd4 Bg6 20.Ng3 Raf8 21.Rae1 Rf4 
22.Bxc6 Qxc6 1/2-1/2

[Event "zonal 3.5 (w)"]
[Site "Zhongshan CHN"]
[Date "2013.10.31"]
[Round "3.3"]
[White "Lei Tingjie"]
[Black "Cai Jiaying"]
[Result "1-0"]
[WhiteElo "2320"]
[BlackElo "2082"]
[EventDate "2013.10.29"]
[PlyCount "43"]

1.d4 d5 2.c4 c6 3.cxd5 cxd5 4.Bf4 Nc6 5.e3 Nf6 6.Nc3 e6 7.Bd3 Bd6 8.Bxd6 
Qxd6 9.f4 b6 10.Nf3 Bb7 11.O-O O-O 12.Rc1 Qe7 13.Ne5 Rfc8 14.Qf3 g6 15.g4 
Nb4 16.Bb1 Ne4 17.Nxe4 dxe4 18.Bxe4 Bxe4 19.Qxe4 Nxa2 20.Nc6 Qd6 21.Rc4 
Nb4 22.Nxb4 1-0

[Event "zonal 3.5 (w)"]
[Site "Zhongshan CHN"]
[Date "2013.10.31"]
[Round "3.4"]
[White "Gu Tianlu"]
[Black "Zhai Mo"]
[Result "0-1"]
[WhiteElo "1984"]
[BlackElo "2301"]
[EventDate "2013.10.29"]
[PlyCount "90"]

1.c4 Nf6 2.Nf3 e6 3.g3 d5 4.Bg2 Be7 5.O-O O-O 6.d4 dxc4 7.Qc2 a6 8.a4 Bd7 
9.Qxc4 Bc6 10.Nc3 b5 11.Qd3 b4 12.Nd1 Be4 13.Qd2 c5 14.dxc5 Nbd7 15.Nd4 
Nxc5 16.Ne3 Rc8 17.Rd1 Qc7 18.Bxe4 Nfxe4 19.Qe1 Rfd8 20.f3 Bf6 21.Ndc2 
Rxd1 22.Qxd1 Nb3 23.Rb1 Nxc1 24.fxe4 b3 25.Ne1 Bd4 26.Kf2 Qc5 27.Qd2 f5 
28.Nf3 Bxe3+ 29.Qxe3 fxe4 30.Qxc5 Rxc5 31.Nd2 Rc2 32.Ke3 g5 33.h3 h6 34.
Ra1 Kf7 35.Rb1 Ke7 36.Ra1 Kd7 37.Rb1 Kc6 38.Ra1 Kd5 39.Rb1 Ke5 40.g4 Kd5 
41.Ra1 Na2 42.Nxb3 Nc3 43.Nd2 Rxb2 44.a5 Ra2 45.Rxa2 Nd1# 0-1

[Event "zonal 3.5 (w)"]
[Site "Zhongshan CHN"]
[Date "2013.10.31"]
[Round "3.5"]
[White "Wang Jue"]
[Black "Zhang Xiaowen"]
[Result "1/2-1/2"]
[WhiteElo "2382"]
[BlackElo "2377"]
[EventDate "2013.10.29"]
[PlyCount "52"]

1.Nf3 Nf6 2.c4 g6 3.b3 Bg7 4.Bb2 d6 5.g3 O-O 6.Bg2 e5 7.d3 c6 8.O-O Nbd7 
9.Nc3 Re8 10.e4 a6 11.a4 a5 12.d4 exd4 13.Nxd4 Nc5 14.Re1 Qb6 15.Qc2 Ng4 
16.Rad1 Bxd4 17.Rxd4 Nxb3 18.Rxd6 Qb4 19.Red1 Ne5 20.h3 Nxc4 21.Na2 Qxa4 
22.Nc3 Qb4 23.Na2 Qa4 24.Nc3 Qb4 25.Na2 Qa4 26.Nc3 Qb4 1/2-1/2

[Event "zonal 3.5 (w)"]
[Site "Zhongshan CHN"]
[Date "2013.10.31"]
[Round "3.7"]
[White "Liu Hongyan"]
[Black "Ren Xiaoyi"]
[Result "1/2-1/2"]
[WhiteElo "2058"]
[BlackElo "2198"]
[EventDate "2013.10.29"]
[PlyCount "30"]

1.d4 d5 2.Bf4 Nf6 3.e3 Bg4 4.Nf3 e6 5.h3 Bh5 6.Be2 Bd6 7.Bxd6 cxd6 8.Nbd2 
O-O 9.O-O Nc6 10.c4 e5 11.dxe5 dxe5 12.Nxe5 Bxe2 13.Nxc6 Bxd1 14.Nxd8 Be2 
15.Rfe1 Bxc4 1/2-1/2

[Event "zonal 3.5 (w)"]
[Site "Zhongshan CHN"]
[Date "2013.10.31"]
[Round "3.9"]
[White "Liu Manli"]
[Black "Huang Mofei"]
[Result "1-0"]
[WhiteElo "2133"]
[BlackElo "1984"]
[EventDate "2013.10.29"]
[PlyCount "99"]

1.e4 c6 2.d4 d5 3.e5 Bf5 4.Nf3 e6 5.Be2 Ne7 6.O-O Nc8 7.Be3 Nb6 8.Nbd2 
N8d7 9.c3 Be7 10.a4 a5 11.Ne1 h6 12.g4 Bh7 13.f4 c5 14.Bd3 Bxd3 15.Nxd3 c4
16.Ne1 Qc7 17.f5 Qc6 18.Qc2 O-O-O 19.Ng2 h5 20.g5 exf5 21.Rxf5 f6 22.exf6 
gxf6 23.g6 Rdg8 24.Nh4 Nf8 25.Rf3 f5 26.Qxf5+ Qd7 27.Qxd7+ Kxd7 28.Nf5 
Rxg6+ 29.Kh1 Bg5 30.Bxg5 Rxg5 31.b3 cxb3 32.Nxb3 Ne6 33.Ne3 Rh7 34.Nxa5 
Kc7 35.Nb3 Rhg7 36.Rff1 Nc8 37.Rg1 Nf4 38.Rxg5 Rxg5 39.Nc5 b6 40.Rf1 bxc5 
41.Rxf4 cxd4 42.cxd4 Nb6 43.Rf7+ Kb8 44.a5 Nc4 45.h4 Rg3 46.Nxd5 Rh3+ 47.
Kg2 Rxh4 48.a6 Rg4+ 49.Kh3 Rg6 50.Rb7+ 1-0

[Event "zonal 3.5 (w)"]
[Site "Zhongshan CHN"]
[Date "2013.10.31"]
[Round "3.10"]
[White "Yuan Ye"]
[Black "Wang Xinyue"]
[Result "0-1"]
[WhiteElo "2037"]
[BlackElo "2126"]
[EventDate "2013.10.29"]
[PlyCount "74"]

1.d4 d5 2.Nf3 c6 3.c4 Nf6 4.Nc3 e6 5.cxd5 exd5 6.Bg5 Be7 7.Qc2 O-O 8.e3 h6
9.Bh4 Ne4 10.Bxe7 Qxe7 11.Nxe4 dxe4 12.Ne5 Bf5 13.Be2 Nd7 14.Nxd7 Bxd7 15.
O-O Rae8 16.Rae1 Qg5 17.Kh1 h5 18.Qb3 Be6 19.Qxb7 Rb8 20.Qxc6 Bd5 21.Qc2 
Rfc8 22.Qd2 Bxa2 23.Ra1 Bb3 24.Rfc1 Rxc1+ 25.Rxc1 Rb6 26.f4 Qe7 27.Qa5 Be6
28.Qe5 Rxb2 29.Bc4 Rd2 30.Rb1 Qb4 31.Qxe4 Qxc4 32.h3 g6 33.Qe5 Kh7 34.Kh2 
Qd5 35.Qxd5 Bxd5 36.Kg3 Rxg2+ 37.Kh4 f6 0-1

[Event "zonal 3.5 (w)"]
[Site "Zhongshan CHN"]
[Date "2013.10.31"]
[Round "3.11"]
[White "Xu Huahua"]
[Black "Hong Xing"]
[Result "0-1"]
[WhiteElo "2125"]
[BlackElo "1929"]
[EventDate "2013.10.29"]
[PlyCount "158"]

1.e4 c5 2.Nf3 Nc6 3.d4 cxd4 4.Nxd4 Nf6 5.Nc3 e5 6.Ndb5 d6 7.Bg5 a6 8.Na3 
b5 9.Nd5 Qa5+ 10.Bd2 Qd8 11.Bg5 Qa5+ 12.Bd2 Qd8 13.Nxf6+ Qxf6 14.c4 Be7 
15.Nc2 O-O 16.cxb5 axb5 17.Bxb5 Bb7 18.O-O Qg6 19.Bd3 d5 20.exd5 Qxd3 21.
dxc6 Bxc6 22.Bc3 Qg6 23.Ne3 f5 24.Bxe5 f4 25.Nd5 Kh8 26.Qd4 Bd6 27.Rfc1 
Bxe5 28.Qxe5 Rae8 29.Qd4 f3 30.g3 Qh5 31.h4 Bxd5 32.Rc5 Rd8 33.Rd1 Rf5 34.
Kh2 Qe8 35.Rc7 Rd7 36.Rxd7 Qxd7 37.a4 h6 38.a5 Qb5 39.b4 Be6 40.Ra1 Qa6 
41.Qe4 Bd7 42.Qd4 Qe6 43.Qb6 Qxb6 44.axb6 Rb5 45.Rd1 Bc6 46.Rd6 Bb7 47.g4 
Rxb4 48.Kg3 Kh7 49.h5 Bc8 50.Rg6 Rb3 51.Rd6 Rc3 52.Rd4 Rc6 53.Rb4 Bb7 54.
Kf4 Kg8 55.Ke3 Kf7 56.Kd4 Ke6 57.Ke3 Kd7 58.Rd4+ Rd6 59.Rf4 Rf6 60.Rb4 Kc6
61.Rb3 Kc5 62.Rb2 Rxb6 63.Rc2+ Kd6 64.Kf4 Rc6 65.Rd2+ Ke7 66.Rb2 Bc8 67.
Kxf3 Rc4 68.Ke3 Bxg4 69.Rb5 Kf6 70.Rb6+ Be6 71.Rb5 Rc3+ 72.Ke4 Bd7 73.Rb6+
Rc6 74.Rb7 Bf5+ 75.Kf4 Rc4+ 76.Kg3 Rg4+ 77.Kh2 Rh4+ 78.Kg3 Rxh5 79.Rb6+ 
Be6 0-1

[Event "zonal 3.5 (w)"]
[Site "Zhongshan CHN"]
[Date "2013.10.31"]
[Round "3.12"]
[White "Li Yunshan"]
[Black "Qiu Mengjie"]
[Result "1/2-1/2"]
[WhiteElo "1767"]
[BlackElo "2123"]
[EventDate "2013.10.29"]
[PlyCount "143"]

1.d4 Nf6 2.c4 g6 3.Nc3 d5 4.Nf3 Bg7 5.Bf4 O-O 6.Rc1 c6 7.e3 Be6 8.Qb3 Qc8 
9.Ng5 dxc4 10.Bxc4 Bxc4 11.Qxc4 Nh5 12.Bg3 Nd7 13.Nf3 Nb6 14.Qb3 Nxg3 15.
hxg3 Qf5 16.O-O Rfd8 17.Ne2 Qd5 18.Qxd5 Nxd5 19.Nf4 h5 20.Nd3 Rac8 21.b4 
e6 22.Rc4 Nf6 23.Rfc1 Ne4 24.a4 f6 25.Nc5 Nxc5 26.Rxc5 Bf8 27.R5c4 Rd7 28.
Nd2 Kf7 29.Nb3 Re8 30.b5 cxb5 31.axb5 Rd5 32.Rc7+ Re7 33.R1c5 Rxc5 34.Rxc5
Rd7 35.Rc8 Be7 36.Nc5 Rd5 37.Nxb7 Rxb5 38.Rc7 Ke8 39.Nc5 Bxc5 40.dxc5 a5 
41.c6 Rc5 42.Ra7 Kd8 43.c7+ Rxc7 44.Rxa5 Rc1+ 45.Kh2 Rf1 46.f3 Ke7 47.Ra7+
Kd6 48.e4 g5 49.Rf7 Ke5 50.Rh7 g4 51.Rxh5+ Kd4 52.e5 gxf3 53.gxf3 Rxf3 54.
exf6 Rxf6 55.Rh4+ Ke3 56.Ra4 e5 57.Ra3+ Kf2 58.Ra2+ Kf3 59.Ra3+ Ke2 60.
Ra2+ Kd3 61.Ra3+ Kc4 62.Ra4+ Kd5 63.Ra5+ Ke4 64.Ra4+ Kf3 65.Ra3+ Kg4 66.
Kg2 Rb6 67.Ra4+ Kf5 68.g4+ Kg5 69.Kf3 Rf6+ 70.Ke3 Rf1 71.Ke2 Rf4 72.Rxf4 
1/2-1/2